Statystyki dla Zwierzęta na literę M

Kliknij tutaj aby rozwiązać quiz!

Ogólne statystyki

  • Ten quiz został rozwiązany 433 razy
  • Średni wynik to 12 z 30

Statystyki odpowiedzi

Zwierzę% Poprawnych
małpa
85%
mysz
78%
mors
74%
mrówka
70%
mewa
63%
motyl
63%
mucha
63%
morświn
56%
mrówkojad
51%
małż
46%
meduza
44%
myszoskoczek
43%
makak
41%
muł
41%
makrela
39%
modliszka
37%
mol
36%
mintaj
35%
morszczuk
30%
miruna
27%
muflon
25%
mamba
21%
mangusta
21%
mszyca
21%
mątwa
20%
miecznik
19%
mustang
19%
murena
18%
manta
17%
marlin
9%

Rozkład punktacji

Percentyl według liczby udzielonych odpowiedzi

Procent ludzi z każdym wynikiem

Twoja historia wyników

Nie rozwiązałeś tego quizu